00887cam a2200229 a 4500001001000000003000900010005001700019008004100036020001500077040002500092082002300117245015800140260006500298300002800363504005600391650003500447650003200482700003100514700003800545700004000583700003400623000012119DO-SdBNP20250701111126.0000202s1999 ck a b 000 0 spa  a9586831086 aDO-SdBNPcDLCdBNPHU 4a379.158bF981f22200aFundamentos teóricos y práctica de la autoevaluación de programas académicos en la educación superior /cGuillermo Cepeda López ... [et al.]. aSanta Fé de Bogotá :bCentro Editorial Javeriana,c1999. a161 p. :bil. ;c24 cm. aIncluye referencias bibliográficas: (p. 153-160). 0aEducación superiorzColombia 4aUniversidadesxEvaluación1 aCepeda López, Guillermo.1 aMiranda Cárdenas, Ana Cristina.1 aPérez Piñeros, María Dolores.1 aRodríguez Malagón, Nelsy.